| 000 | 00676nam a22002417a 4500 | ||
|---|---|---|---|
| 003 | UA-OsUOA | ||
| 001 | 99244 | ||
| 007 | ta | ||
| 008 | 20130425b un ||||| |||| 00| 0 ukr d | ||
| 100 | _aТокарєва В. І. | ||
| 090 |
_a347(075.8) _bТ51 |
||
| 942 | _cBK | ||
| 040 |
_aUA-OsUOA _bukr _cUA-OsUOA _dUA-OsUOA |
||
| 245 |
_aЦивільне право України _bпрактикум: навч. посібник |
||
| 300 | _a408 с. | ||
| 955 | _a2 | ||
| 041 | _aukr | ||
| 080 | _a347(075.8) | ||
| 020 | _a978-966-364-486-8 | ||
| 260 |
_aК. _bЦУЛ _c2007 |
||
| 650 | 7 |
_a347 Цивільне право. Судовий устрій _2UDC |
|
| 999 |
_c385330 _d385330 |
||